Open Data Biblioteca Nacional de Portugal


República Portuguesa: Ministério da Cultura
Biblioteca Nacional de Portugal

Catálogo da BNP: acesso por Identificadores Unívocos
Registos Bibliográficos associados ao registo de autoridade

Etiqueta de registo: 00573cam 2200205 450
001 1061694
003 http://id.bnportugal.gov.pt/bib/catbnp/1061694
005 20011116132800.0
100 ## $a20010711d2001 m y0pory0103 ba
101 0# $apor
102 ## $aPT
105 ## $ay z 001gy
106 ## $ar
200 1# $aPoesia viva$fTio Carlos do Soito
210 #9 $a[S.l.$cs.n.],$d2000$eGuarda :$gOficinas de S.Miguel
215 ## $a335 p.$d22 cm
675 ## $a821.134.3-1"19"$vBN$zpor$3288131
675 ## $a821.134.3-91"19"$vBN$zpor$3292024
700 #1 $aSoito,$bTio Carlos do,$cpseud.$31010001
966 ## $lBN$mFGMON$sL. 68836 V.$x1
966 ## $lBN$mFGMON$sL. 68836 V.$x1
997 ## $aBIBEOD

Etiqueta de registo: 00230cas 2200025 450
001 1690813
003 http://id.bnportugal.gov.pt/bib/catbnp/1690813
100 ## $a20080803a20079999m y0pory0103 ba
101 0# $apor
102 ## $aPT
106 ## $ar
110 ## $aahazz 0xx0
200 1# $a O solidário$fSanta Casa da Misericórdia do Soito$gdir. e coord. Carlos Alberto da Conceição
207 #0 $aA. 1, nº 0 (Jan./Mar. 2007)
210 #9 $aSoito$cS.C.M.,$d[2007]-
215 ## $d30 cm
326 ## $aTrimestral
620 ## $dSoito
675 ## $a364-3(469.311)(05)$vBN$zpor$31341465
675 ## $a272-784(469.311)(05)$vBN$zpor$31341466
675 ## $a908(469.311)(05)$vBN$zpor$3792385
702 #1 $aSoito,$bTio Carlos do,$cpseud.$4300$31010001
712 02 $aSanta Casa da Misericórdia$c(Soito)$4650$3203309
801 #0 $aPT$bBN$gRPC
966 ## $lBN$mFGREV$sP.P. 28822 V.$x1

Etiqueta de registo: 00000nam 2200025 450
001 1981045
003 http://id.bnportugal.gov.pt/bib/catbnp/1981045
021 ## $aPT$b427663/17
100 ## $a20180126d2017 m y0pory01030103ba
101 0# $apor
102 ## $aPT
105 ## $ay z 000yy
106 ## $ar
200 1# $aSoito, pedaços de história$fCarlos Alberto da Conceição
205 ## $a1ª ed
210 #9 $a[S.l.$cs.n.],$d2017$eSabugal :$gLitorraia - Litografia e Publicidade da Raia)
215 ## $a436 p.$d21 cm
675 ## $a908(469.311)$vBN$zpor$3290966
700 #1 $aSoito,$bTio Carlos do,$cpseud.$31010001
801 #0 $aPT$bBN$gRPC
856 41 $uhttp://rnod.bnportugal.gov.pt/ImagesBN/winlibimg.aspx?skey=&doc=1981045&img=104217&save=true
900 ## $aBIBNAC$d20180205
966 ## $lBN$mFGMON$sH.G. 75091 V.$x1

OpendataBNP@bnportugal.pt | Mais informação sobre acesso aos dados BNP